000 01312nab a22002657a 4500
999 _c5316
_d5316
003 OSt
005 20250218125043.0
008 190603e xxum|||| |||| 00| 0 spa d
040 _cPJ-TDF
100 _95441
_aNegri, Nicolás Jorge
245 1 0 _aInteligencia artificial. ¿Colapso del sistema maestro de responsabilidad civil? /
_cNicolás J. Negri , Pablo N. Guerreiro.
260 _cCiudad Autónoma de Buenos Aires :
_aThomson Reuters La Ley,
_b2024.
300 _ap. 57-74
500 _aCita: TR LALEY AR/DOC/1979/2024. Publicado en: R.C.C. y C. 2024 (Septiembre-Octubre). EDICIÓN ESPECIAL: XXIX Jornadas Nacionales de Derecho Civil.
505 _aSumario: I. Introducción.— II. Nociones generales.— III. Derecho de daños.— IV. Reflexiones finales.
505 _t¿Te interesa el texto completo? Solicitalo al correo: koha@justierradelfuego.gov.ar
650 0 _95817
_aINTELIGENCIA ARTIFICIAL
650 0 _91467
_aRESPONSABILIDAD CIVIL
650 0 _96081
_aCIENCIA Y TECNOLOGÍA
650 0 _92823
_aDAÑOS Y PERJUICIOS
650 0 _9234
_aDERECHO COMPARADO
700 _96366
_aGuerreiro, Pablo N.
_ecoautor
773 0 _02713
_93170
_dCiudad Autónoma de Buenos Aires : Thomson Reuters La Ley, 2015-
_tRevista Código Civil y Comercial. Nº 5 - Septiembre-Octubre 2024
942 _2udc
_cANA